Online
Catalog

La nueva filosofía de la deuda pública / (Record no. 12872)

MARC details
000 -CABECERA
campo de control de longitud fija 00951cam a2200265 a 4500
001 - NÚMERO DE CONTROL
campo de control 000013240
003 - IDENTIFICADOR DEL NÚMERO DE CONTROL
campo de control DO-SdBNP
005 - FECHA Y HORA DE LA ÚLTIMA TRANSACCIÓN
campo de control 20251103174447.0
008 - DATOS DE LONGITUD FIJA--INFORMACIÓN GENERAL
campo de control de longitud fija 840222s1947 ag 000 0 spa
040 ## - FUENTE DE LA CATALOGACIÓN
Centro catalogador/agencia de origen DO-SdBNP
Centro/agencia transcriptor CarP
Centro/agencia modificador DLC
043 ## - CÓDIGO DE ÁREA GEOGRÁFICA
Código de área geográfica n-us---
049 ## - FONDOS LOCALES (OCLC)
Fondos de biblioteca BNGR
050 00 - SIGNATURA TOPOGRÁFICA DE LA BIBLIOTECA DEL CONGRESO
Número de clasificación HJ8030
Número de documento/Ítem .M618
082 ## - NÚMERO DE LA CLASIFICACIÓN DECIMAL DEWEY
Número de clasificación nnn
Número de documento/Ítem M927n
100 1# - ENTRADA PRINCIPAL--NOMBRE DE PERSONA
Nombre de persona Moulton, Harold Glenn,
Fechas asociadas al nombre 1883-
9 (RLIN) 30401
245 13 - MENCIÓN DE TÍTULO
Título La nueva filosofía de la deuda pública /
Mención de responsabilidad, etc. Harold Glenn Moulton ; con un estudio preliminar sobre la La nueva filosofía de la deuda pública en la Argentina por Dino Jarach.
260 ## - PUBLICACIÓN, DISTRIBUCIÓN, ETC.
Lugar de publicación, distribución, etc. [Buenos Aires] :
Nombre del editor, distribuidor, etc. Instituto Argentino de Investigaciones y Estudios Económicos,
Fecha de publicación, distribución, etc. 1947.
300 ## - DESCRIPCIÓN FÍSICA
Extensión 127 p. ;
Dimensiones 21 cm.
650 #0 - PUNTO DE ACCESO ADICIONAL DE MATERIA--TÉRMINO DE MATERIA
Término de materia o nombre geográfico como elemento de entrada Debts, public.
9 (RLIN) 30402
650 #0 - PUNTO DE ACCESO ADICIONAL DE MATERIA--TÉRMINO DE MATERIA
Término de materia o nombre geográfico como elemento de entrada Inflación
9 (RLIN) 201
650 #0 - PUNTO DE ACCESO ADICIONAL DE MATERIA--TÉRMINO DE MATERIA
Término de materia o nombre geográfico como elemento de entrada Finance, public
Subdivisión geográfica United States. [From Old Catalog]
9 (RLIN) 30404
700 1# - PUNTO DE ACCESO ADICIONAL--NOMBRE DE PERSONA
Nombre de persona Jarach, Dino
9 (RLIN) 30405
910 ## - DATOS DE OPCIÓN DEL USUARIO (OCLC)
Datos de opción del usuario Catalogación por copia / LC
942 ## - ELEMENTOS DE PUNTO DE ACCESO ADICIONAL (KOHA)
Fuente del sistema de clasificación o colocación Dewey Decimal Classification
Tipo de ítem Koha Libro
Holdings
Estado de retiro Estado de pérdida Restricciones de uso No para préstamo Código de colección Localización permanente Ubicación/localización actual Ubicación en estantería Fecha de adquisición Número de inventario Total de préstamos Signatura topográfica completa Código de barras Fecha visto por última vez Precio válido a partir de Tipo de ítem Koha
    Préstamo interno   Monografías: Libros y Folletos General General En catalogación 20.11.2009 LF1   nnn M927n 13240-10 25.06.2020 25.06.2020 Préstamo interno

Powered by Koha